|
|
|
|
| LEADER |
00000nam0a2200000 4500 |
| 001 |
302985 |
| 005 |
20231102001546.0 |
| 035 |
|
|
|a (RuTPU)RU\TPU\book\328202
|
| 090 |
|
|
|a 302985
|
| 100 |
|
|
|a 20150828d1961 km y0rusy50 ca
|
| 101 |
0 |
|
|a rus
|
| 102 |
|
|
|a RU
|
| 105 |
|
|
|a a z 001zy
|
| 200 |
1 |
|
|a Реле и датчики с полупроводниковыми термосопротивлениями
|f Г. К. Нечаев, Н. П. Удалов
|
| 210 |
|
|
|a Москва
|a Ленинград
|c Государственное энергетическое изд-во
|d 1961
|
| 215 |
|
|
|a 111 с.
|c ил.
|
| 225 |
1 |
|
|a Библиотека по автоматике
|v Вып. 29
|
| 320 |
|
|
|a Библиогр.: с. 110.
|
| 606 |
1 |
|
|a Реле полупроводниковые
|2 stltpush
|3 (RuTPU)RU\TPU\subj\24900
|9 49170
|
| 610 |
1 |
|
|a датчики
|
| 610 |
1 |
|
|a термосопротивления
|
| 610 |
1 |
|
|a стабилизация
|
| 610 |
1 |
|
|a напряжения
|
| 610 |
1 |
|
|a температура
|
| 610 |
1 |
|
|a реле времени
|
| 610 |
1 |
|
|a мостовые схемы
|
| 675 |
|
|
|a 621.318.57
|v 3
|
| 700 |
|
1 |
|a Нечаев
|b Г. К.
|g Георгий Кузьмич
|
| 701 |
|
1 |
|a Удалов
|b Н. П.
|g Николай Петрович
|
| 801 |
|
1 |
|a RU
|b 63413507
|c 20150828
|
| 801 |
|
2 |
|a RU
|b 63413507
|c 20151023
|g RCR
|
| 942 |
|
|
|c BK
|